| 000 | 00603nam a2200229Ia 4500 | ||
|---|---|---|---|
| 008 | 160803s9999 xx 000 0 und d | ||
| 020 | _a978-0060007287 | ||
| 100 | _aCreech, Sharon | ||
| 245 | 2 | _aA fine, fine school / | |
| 245 | _cby Sharon Creech ; pictures by Harry Bliss. | ||
| 260 | _aNew York : | ||
| 260 | _bScholastic Inc. | ||
| 260 | _c2001 | ||
| 300 | _a1 volume (unpaged) : | ||
| 300 | _bcolor illustrations ; | ||
| 300 | _c28 cm | ||
| 650 | _aSchool principals -- | ||
| 650 | _aSchools -- | ||
| 650 | _xJuvenile fiction. | ||
| 650 | _xJuvenile fiction. | ||
| 700 | _a300 | ||
| 999 |
_c298155 _d298155 |
||